000 00769nam a2200241 4500
001 13063
003 HDC
007 cr bn ---aaaaa
008 210212c xx dr|nes 0 a eng d
040 _aHDC
245 0 _aAbdullah reveals RM1.5b private equity fund
260 _aMalaysia :
_bMalaysian Reserve,
_c2012
336 _atext
_2rdacontent
337 _acomputer
_2rdamedia
338 _aonline resource
_2rdacarrier
650 _aEconomics
_zMalaysia
_96060
650 _aMuslims
_9247
710 _aMalaysian Reserve
856 _zRequest full-text at [email protected]
942 _2lcc
942 _cNEWS
942 _kNWSC 003375
999 _c10379
_d10379